| 000 | 00743nam a2200229Ia 4500 | ||
|---|---|---|---|
| 003 | OSt | ||
| 005 | 20220926032734.0 | ||
| 006 | a|||||r|||| 00| 0 | ||
| 007 | ta | ||
| 008 | 220923b |||||||| |||| 00| 0 eng d | ||
| 037 | _cGeneral Book | ||
| 040 |
_aRTL _cRTL _beng |
||
| 041 |
_2eng _aeng |
||
| 082 | _aX.42.N6s, N6.9 | ||
| 100 |
_aOhkawa Kazushi and others Ed. _9338002 |
||
| 245 | 0 | _aEstimates of long-term economic statistics of Japa | |
| 260 |
_aTokyo _bKeizai Shinposha _c1966 |
||
| 490 | _vV9: Agriculture and forestry by Mataji Umemura etc, (xx, 258p) | ||
| 650 |
_aEconomics Conditions Japan _9235427 |
||
| 942 |
_hX.42.N6s, N6.9 _cGB _2CC |
||
| 999 |
_c655528 _d655528 |
||